Plavání : Plavecké dovednosti. Technika plaveckých způsobů. Kondiční plavání. Šnorchlování

Na minha lista:
Detalhes bibliográficos
Main Authors: Čechovská, Irena (Author), Miler, Tomáš (Author)
Formato: Livro
Idioma:tcheco
Publicado em: Praha : Grada Publishing, 2001
Edição:1. vyd.
Assuntos:
Tags: Adicionar Tag
Sem tags, seja o primeiro a adicionar uma tag!

MARC

LEADER 00000nam a22000003a 4500
001 stu73656
005 20190206132323.0
008 020205s2001----xr------------------cze-d
020 |a 80-247-9049-1 
040 |a STU  |b slo 
041 0 |a cze 
044 |a xr 
080 |a 797.2 
100 1 |a Čechovská, Irena  |4 aut 
245 1 |a Plavání :  |b Plavecké dovednosti. Technika plaveckých způsobů. Kondiční plavání. Šnorchlování 
250 |a 1. vyd. 
260 |a Praha :  |b Grada Publishing,  |c 2001 
300 |a 130 s 
650 7 |a Športy vodné  |2 stusub 
650 7 |a plávanie  |2 stusub 
700 1 |a Miler, Tomáš  |4 aut 
996 |b 284M034637  |c M*10858-1  |l MMKN  |s A  |a 24  |w stu73656_0001 
996 |b 284M064058  |c M*10858-2  |l MMKN  |s A  |a 24  |w stu73656_0002